[Event "European Rapid 2022"]
[Site "Katowice POL"]
[Date "2022.12.18"]
[Round "10.33"]
[White "Sahidi, Samir"]
[Black "Madan, Augustin"]
[Result "1/2-1/2"]
[WhiteTitle "IM"]
[BlackTitle "IM"]
[WhiteElo "2494"]
[BlackElo "2292"]
[WhiteFideId "14936372"]
[BlackFideId "1210327"]
[EventDate "2022.12.17"]

1. e4 c5 2. Nf3 d6 3. Bb5+ Nd7 4. O-O a6 5. Bxd7+ Bxd7 6. d4 cxd4 7. Qxd4 Nf6 8.
c4 g6 9. Nc3 Bg7 10. Qd3 O-O 11. Be3 b5 12. cxb5 Bxb5 13. Nxb5 axb5 14. a3 Qd7
15. Bd4 Qb7 16. Rfe1 e5 17. Bc3 d5 18. Nxe5 Nxe4 19. Bd4 Rfe8 20. Nf3 Bh6 21. h3
Rac8 22. Rad1 Re6 23. Be5 b4 24. Qxd5 Qxd5 25. Rxd5 Nf6 26. Bxf6 Rxf6 27. a4 b3
28. Rb5 Ra6 29. Ra1 Rca8 30. a5 Bg7 31. Rxb3 Rxa5 32. Rxa5 Rxa5 33. Rb8+ Bf8 34.
g3 Kg7 35. b4 Ra1+ 36. Kg2 Rb1 37. b5 Bc5 38. Ng5 Rb2 39. Ne4 Bd4 40. Rb7 h5 41.
g4 hxg4 42. hxg4 Kf8 43. g5 Kg7 44. Kg3 Rb3+ 45. Kg4 Rb4 46. Kf3 Rb3+ 47. Kf4
Rb4 48. f3 Kf8 49. Kg4 Be3 50. Rb8+ Ke7 51. Kg3 Rb1 52. Rb7+ Ke6 53. Kh2 Rb2+
54. Kh3 Rb1 55. Rb8 Ke7 56. f4 Bxf4 57. Rb7+ Ke6 58. Kg4 Be3 59. Kf3 Bd4 60. Ke2
Rb3 61. Kd2 Re3 62. Nf6 Rb3 63. Nh7 Bc5 64. Kc2 Rh3 65. Nf6 Be7 66. Nd7 Bxg5 67.
Nc5+ Kd5 68. Rc7 Be3 69. Na4 f5 70. b6 Bxb6 71. Nxb6+ Ke4 72. Rc4+ Kf3 73. Nd7
g5 74. Ne5+ Kg2 75. Kd2 f4 76. Nd3 Rg3 77. Rc5 Kf3 78. Ne1+ Kg4 79. Ke2 Ra3 80.
Kf2 Ra2+ 81. Rc2 1/2-1/2

[Event "European Rapid 2022"]
[Site "Katowice POL"]
[Date "2022.12.18"]
[Round "10.34"]
[White "Mis, Mieszko"]
[Black "Laurusas, Tomas"]
[Result "1-0"]
[WhiteTitle "FM"]
[BlackTitle "GM"]
[WhiteElo "2389"]
[BlackElo "2567"]
[WhiteFideId "1196448"]
[BlackFideId "12803731"]
[EventDate "2022.12.17"]

1. e4 c5 2. f4 Nc6 3. Nf3 d6 4. Bb5 Bd7 5. O-O e6 6. c3 Nf6 7. Qe2 Be7 8. d3 O-O
9. Ba4 Nd4 10. cxd4 Bxa4 11. Nc3 Bc6 12. dxc5 dxc5 13. Ne5 Rc8 14. Be3 Nd7 15.
Nxc6 Rxc6 16. Rfd1 Qa5 17. Rac1 Rd8 18. Kh1 Rcc8 19. a3 Nb8 20. f5 exf5 21. exf5
Bf8 22. Ne4 c4 23. Qg4 Rxd3 24. Rxd3 cxd3 25. Rxc8 Qe1+ 26. Bg1 1-0

[Event "European Rapid 2022"]
[Site "Katowice POL"]
[Date "2022.12.18"]
[Round "10.35"]
[White "Mikhalchishin, Adrian"]
[Black "Czerw, Dawid"]
[Result "1/2-1/2"]
[WhiteTitle "GM"]
[BlackTitle "IM"]
[WhiteElo "2455"]
[BlackElo "2373"]
[WhiteFideId "14602385"]
[BlackFideId "1145746"]
[EventDate "2022.12.17"]

1. d4 Nf6 2. Nf3 g6 3. c4 Bg7 4. g3 c5 5. Bg2 Qa5+ 6. Nc3 Ne4 7. Bd2 Nxd2 8.
Qxd2 d6 9. O-O Nc6 10. e3 O-O 11. h3 a6 12. Rfd1 Rb8 13. a3 b5 14. b4 cxb4 15.
axb4 Qd8 16. cxb5 axb5 17. Bf1 Nxb4 18. Nxb5 Bb7 19. Ne1 Nd5 20. Rab1 Nf6 21.
Nc3 Qd7 22. Rb6 Ne4 23. Qb2 Nxc3 24. Qxc3 Be4 25. Rxb8 Rxb8 26. Bg2 Bxg2 27.
Kxg2 Qb7+ 28. Kg1 e5 29. dxe5 dxe5 30. Qc4 Rc8 31. Qd5 Qxd5 32. Rxd5 e4 33. Kf1
Rb8 34. g4 Bc3 35. Rc5 Bxe1 36. Kxe1 Rb1+ 37. Ke2 Rh1 1/2-1/2

[Event "European Rapid 2022"]
[Site "Katowice POL"]
[Date "2022.12.18"]
[Round "10.36"]
[White "Tisaj, Domen"]
[Black "Nasuta, Grzegorz"]
[Result "1/2-1/2"]
[WhiteTitle "FM"]
[BlackTitle "GM"]
[WhiteElo "2396"]
[BlackElo "2546"]
[WhiteFideId "14628708"]
[BlackFideId "1141686"]
[EventDate "2022.12.17"]

1. d4 d5 2. c4 e6 3. Nc3 c6 4. Nf3 dxc4 5. a4 Bb4 6. e3 b5 7. Bd2 a5 8. axb5
Bxc3 9. Bxc3 cxb5 10. b3 Bb7 11. bxc4 b4 12. Bb2 Nf6 13. c5 O-O 14. Bb5 Qd5 15.
O-O Nc6 16. Qe2 Ne7 17. Rfe1 Rfb8 18. Rec1 h6 19. Ne1 Bc6 20. Ba4 Qd7 21. Qd1
Ned5 22. Nd3 Bxa4 23. Qxa4 Qc7 24. Ne5 Ne4 25. Nc4 Nec3 26. Qc2 f5 27. f3 Nb5
28. Qb3 Kh8 29. e4 fxe4 30. fxe4 Ndc3 31. Nb6 Ne2+ 32. Kh1 Nxc1 33. Rxc1 Rxb6
34. cxb6 Qxb6 35. d5 exd5 36. Qxd5 Rf8 37. h3 a4 38. Qd7 Nc3 39. Bxc3 bxc3 40.
Qxa4 Qe3 41. Qd1 Rf2 42. Qg1 Qf4 43. e5 c2 44. e6 Re2 45. e7 Qe4 46. Qf1 Qxe7
47. Ra1 Qe4 48. Kh2 Kh7 49. Kh1 Re3 50. Kh2 Qe5+ 51. Kg1 Qxa1 52. Qxa1 Rd3 53.
Kf2 Rd1 54. Qe5 c1=Q 55. Qe4+ Kg8 56. Qe8+ Kh7 57. Qe4+ g6 58. Qe7+ Kg8 59. Qe8+
Kg7 60. Qe7+ Kg8 61. Qe8+ Kg7 62. Qe7+ Kg8 63. Qe8+ 1/2-1/2

[Event "European Rapid 2022"]
[Site "Katowice POL"]
[Date "2022.12.18"]
[Round "10.37"]
[White "Dragnev, Valentin"]
[Black "Koziorowicz, Michal"]
[Result "1-0"]
[WhiteTitle "GM"]
[BlackTitle "FM"]
[WhiteElo "2556"]
[BlackElo "2348"]
[WhiteFideId "1634852"]
[BlackFideId "21809194"]
[EventDate "2022.12.17"]

1. e4 e6 2. d4 d5 3. e5 c5 4. c3 Nc6 5. Nf3 Qb6 6. Be2 f6 7. O-O fxe5 8. Nxe5
Nxe5 9. dxe5 Ne7 10. Nd2 Bd7 11. Nf3 Nf5 12. Bd3 O-O-O 13. b4 Bb5 14. Bxb5 Qxb5
15. a4 Qc4 16. a5 h6 17. a6 b6 18. Qa4 Kc7 19. Bd2 g5 20. Rfc1 g4 21. Nd4 cxd4
22. cxd4 Nxd4 23. Rxc4+ dxc4 24. Be3 Nc6 25. Rc1 Bxb4 26. Rxc4 b5 27. Rxc6+ Kxc6
28. Qc2+ Kd7 29. g3 Ra8 30. Qe4 Ba5 31. Qb7+ Bc7 32. Qxb5+ Ke7 33. Bc5+ Kd8 34.
Qc6 Rc8 35. Qxe6 Re8 36. Qd5+ 1-0

[Event "European Rapid 2022"]
[Site "Katowice POL"]
[Date "2022.12.18"]
[Round "10.38"]
[White "Brilej, Jaka"]
[Black "Horvath, Dominik"]
[Result "0-1"]
[WhiteTitle "FM"]
[BlackTitle "IM"]
[WhiteElo "2336"]
[BlackElo "2502"]
[WhiteFideId "14618818"]
[BlackFideId "1642561"]
[EventDate "2022.12.17"]

1. d4 Nf6 2. c4 e6 3. Nc3 d5 4. cxd5 exd5 5. Bf4 Bb4 6. e3 Ne4 7. Qc2 g5 8. Be5
f6 9. Bg3 Nc6 10. Bd3 f5 11. Ne2 Qe7 12. O-O-O Be6 13. f3 Nxg3 14. Nxg3 f4 15.
exf4 Nxd4 16. Bb5+ Nxb5 17. Nxb5 O-O-O 18. f5 Bf7 19. Nxa7+ Kb8 20. Nb5 Rhe8 21.
a3 Ba5 22. Nc3 h5 23. Kb1 Qe5 24. Nge2 Bb6 25. Nc1 d4 26. Ne4 Qxf5 27. Rhe1 g4
28. Ng3 Qxc2+ 29. Kxc2 h4 30. Ne4 h3 31. gxh3 gxf3 32. Nd3 Bg6 33. Nef2 Re3 34.
Rg1 Bf5 35. Rg5 Rf8 36. Rdg1 Re2+ 37. Kd1 c5 38. Rg8 Rxg8 39. Rxg8+ Ka7 40. Rf8
Bxd3 41. Nxd3 c4 42. Nc1 Rxb2 43. Rxf3 Rxh2 44. Ne2 d3 45. Nf4 Rh1+ 46. Kd2 Ba5+ 0-1

[Event "European Rapid 2022"]
[Site "Katowice POL"]
[Date "2022.12.18"]
[Round "10.39"]
[White "Stefanova, Antoaneta"]
[Black "Hrebenshchykova, Yelyzaveta"]
[Result "1-0"]
[WhiteTitle "GM"]
[WhiteElo "2442"]
[BlackElo "2289"]
[WhiteFideId "2902257"]
[BlackFideId "14159899"]
[EventDate "2022.12.17"]

1. d4 Nf6 2. Nf3 g6 3. g3 Bg7 4. Bg2 O-O 5. O-O d5 6. Be3 a5 7. a4 b6 8. Qc1 Re8
9. Re1 Bb7 10. c4 Na6 11. Ne5 Qc8 12. Ra3 c5 13. dxc5 Nxc5 14. Bd4 e6 15. Nc3
dxc4 16. Bxb7 Nxb7 17. Nb5 Nd5 18. Qxc4 Bxe5 19. Qxc8 Raxc8 20. Bxe5 f6 21. Bc3
Nxc3 22. Nxc3 Nc5 23. Raa1 Red8 24. Red1 Kf7 25. Rab1 Rxd1+ 26. Rxd1 Ke7 27. Rd4
Na6 28. Kf1 h5 29. Ke1 Nb4 30. Kd1 Rd8 31. Rxd8 Kxd8 32. Ne4 Ke7 33. Kd2 f5 34.
Ng5 e5 35. Kc3 Kf6 36. h4 Nc6 37. Kc4 f4 38. e3 fxg3 39. fxg3 Kf5 40. Kb5 Ne7
41. Kxb6 Nd5+ 42. Kxa5 Nxe3 43. Kb5 Kg4 44. a5 Nd5 45. a6 Nc7+ 46. Kb6 Nxa6 47.
Kxa6 Kxg3 48. b4 Kxh4 49. Ne4 Kg4 50. b5 h4 51. b6 Kf3 52. Ng5+ Kg4 53. b7 Kxg5
54. b8=Q Kf5 55. Kb5 1-0

[Event "European Rapid 2022"]
[Site "Katowice POL"]
[Date "2022.12.18"]
[Round "10.40"]
[White "Piesik, Piotr"]
[Black "Agafonov, Yuri Dr"]
[Result "1-0"]
[WhiteTitle "IM"]
[WhiteElo "2420"]
[BlackElo "2077"]
[WhiteFideId "1136194"]
[BlackFideId "11602104"]
[EventDate "2022.12.17"]

1. Nf3 Nf6 2. g3 d6 3. d4 g6 4. Bg2 Bg7 5. O-O O-O 6. Nbd2 c6 7. e4 Qc7 8. Qe2
b6 9. Rd1 Ba6 10. Qe1 e5 11. dxe5 dxe5 12. b3 Nbd7 13. Bb2 Rfe8 14. a4 Bf8 15.
Bf1 Bxf1 16. Qxf1 Nc5 17. Qe2 Rad8 18. b4 Ncd7 19. Qc4 Bd6 20. Nb3 a6 21. Qxa6
Bxb4 22. Qc4 Bf8 23. Ng5 Nc5 24. Nxc5 Bxc5 25. a5 Qe7 26. a6 b5 27. Qe2 Rxd1+
28. Rxd1 Ra8 29. Ra1 h6 30. Nf3 Ng4 31. Kg2 Nxf2 32. Bxe5 Qd7 33. Ng1 Re8 34.
Bb2 Rxe4 35. Qf3 f5 36. Qc3 Bd4 37. Qb3+ Kh7 38. Bxd4 Rxd4 39. a7 Rd2 40. Qg8+
Kxg8 41. a8=Q+ Kf7 42. Ra7 Ne4+ 43. Kf3 Qxa7 44. Qxa7+ Kf6 45. Qa1+ Ke6 46. Qa2+
Kf6 47. Qb2+ Ke6 48. Qb3+ Kf6 49. Qb2+ Ke6 50. Ne2 g5 51. Nd4+ Kd5 52. Ne2 Ke6
53. Ke3 Rd1 54. Nd4+ Kd5 55. Nf3 g4 56. Qe5+ Kc4 57. Qe6+ Kb4 58. Nd4 Nc5 59.
Nxc6+ Ka3 60. Qxf5 Na4 61. Qxb5 Re1+ 62. Kd2 1-0

[Event "European Rapid 2022"]
[Site "Katowice POL"]
[Date "2022.12.18"]
[Round "10.41"]
[White "Garcia Martin, Marta"]
[Black "Arkell, Keith C"]
[Result "1-0"]
[WhiteTitle "IM"]
[BlackTitle "GM"]
[WhiteElo "2301"]
[BlackElo "2406"]
[WhiteFideId "32084030"]
[BlackFideId "400270"]
[EventDate "2022.12.17"]

1. e4 c6 2. d4 d5 3. e5 c5 4. dxc5 Nc6 5. Nf3 Bg4 6. c3 Bxf3 7. Qxf3 e6 8. Be3
Nxe5 9. Bb5+ Nc6 10. O-O Ne7 11. c4 Nf5 12. Rd1 Nxe3 13. Qxe3 a6 14. Rxd5 Qf6
15. Bxc6+ bxc6 16. Re5 g6 17. Nc3 Bg7 18. Re4 Rb8 19. Na4 Rb4 20. Qa3 a5 21.
Rae1 O-O 22. b3 Rd8 23. R4e2 Rb7 24. Nb6 Qc3 25. Qc1 Qd4 26. Qe3 Qxe3 27. Rxe3
Bf8 28. Na4 Rd2 29. R3e2 Rbd7 30. g3 Rxe2 31. Rxe2 Rd1+ 32. Kg2 Bg7 33. Nb2 Rd7
34. f4 Bf8 35. Na4 h6 36. Kf2 g5 37. Ke3 gxf4+ 38. gxf4 Rd1 39. Rd2 Re1+ 40. Kf2
Ra1 41. Kf3 Kg7 42. Rg2+ Kf6 43. Nc3 Rf1+ 44. Kg4 Kg6 45. Ne4 Be7 46. Kh3+ Kh7
47. Rf2 Re1 48. Nd6 f5 49. Rd2 Kg6 50. Kg3 h5 51. Kf3 Rf1+ 52. Ke3 Bf8 53. Rg2+
Kf6 54. Rf2 Rd1 55. Nb7 Rd7 56. Nd6 Bxd6 57. cxd6 Rxd6 58. Rg2 Rd1 59. Rg5 Ra1
60. Rxh5 Rxa2 61. Rh6+ Ke7 62. Kd4 Kd6 63. c5+ Ke7 64. Rh7+ Kf6 65. Rh6+ Kf7 66.
Rh7+ Kg6 67. Rc7 Re2 68. Rxc6 Re4+ 69. Kc3 Kf6 70. Ra6 Rxf4 71. Rxa5 Rf1 72. b4
f4 73. Kd3 Rc1 74. Ra6 Kf5 75. c6 e5 76. b5 e4+ 77. Kd2 Rc5 78. b6 e3+ 79. Kd3
Rd5+ 80. Kc4 e2 81. c7 e1=Q 82. c8=Q+ Ke4 83. Qe6+ Re5 84. Qg6+ Rf5 85. Qc6+ Ke3
86. Qe6+ Kf3 87. Qxe1 1-0

[Event "European Rapid 2022"]
[Site "Katowice POL"]
[Date "2022.12.18"]
[Round "10.42"]
[White "Martynkova, Olena"]
[Black "Plichta, Kamil"]
[Result "0-1"]
[WhiteTitle "WIM"]
[BlackTitle "FM"]
[WhiteElo "2227"]
[BlackElo "2394"]
[WhiteFideId "14134039"]
[BlackFideId "1141830"]
[EventDate "2022.12.17"]

1. d4 Nf6 2. Nf3 g6 3. Bf4 Bg7 4. Nc3 d5 5. Qd2 O-O 6. Bh6 c5 7. Bxg7 Kxg7 8.
dxc5 Qa5 9. Ne4 Qxd2+ 10. Nexd2 Na6 11. Nb3 Ne4 12. e3 Naxc5 13. Nxc5 Nxc5 14.
Be2 e6 15. O-O b6 16. a4 a5 17. Bb5 Bd7 18. Bxd7 Nxd7 19. Nd4 Rfc8 20. Rfc1 Ne5
21. Nb5 Rc5 22. c3 h5 23. h3 h4 24. Rcb1 Nd3 25. Kf1 e5 26. Ke2 e4 27. Ra3 Rc4
28. b3 Rc5 29. Ra2 Kf6 30. Rd2 Ke5 31. Rbd1 g5 32. Rxd3 exd3+ 33. Rxd3 f5 34.
Rd4 Rg8 35. f3 Rg7 36. Kf2 Rc8 37. Kf1 g4 38. fxg4 fxg4 39. hxg4 Rcg8 40. Kf2
Rxg4 41. Rxg4 Rxg4 42. Nd4 Ke4 43. Nf3 Rg3 44. c4 dxc4 45. Nd2+ Kd3 46. Nxc4 Kc3
47. Nxb6 Kxb3 48. e4 Rg6 49. Nd7 Kxa4 50. e5 Kb5 51. Nf8 Rg8 52. Ne6 a4 53. Nd4+
Kc4 54. Ke3 Rg3+ 55. Nf3 Rxf3+ 56. Kxf3 Kd5 0-1

[Event "European Rapid 2022"]
[Site "Katowice POL"]
[Date "2022.12.18"]
[Round "10.43"]
[White "Salna, Aleksandras"]
[Black "Fus, Jakub"]
[Result "0-1"]
[BlackTitle "FM"]
[WhiteElo "2191"]
[BlackElo "2405"]
[WhiteFideId "12807575"]
[BlackFideId "1193023"]
[EventDate "2022.12.17"]

1. d4 e6 2. c4 Nf6 3. Nc3 Bb4 4. Qc2 O-O 5. a3 Bxc3+ 6. Qxc3 b6 7. Nf3 Bb7 8. e3
d6 9. Be2 Nbd7 10. O-O c5 11. b4 Rc8 12. dxc5 Ne4 13. Qc2 dxc5 14. b5 Qe7 15.
Bb2 e5 16. a4 Ng5 17. Qf5 Nxf3+ 18. Bxf3 Bxf3 19. Qxf3 Nf6 20. a5 Qe6 21. axb6
axb6 22. Qe2 Rcd8 23. Rfd1 Ne4 24. Qc2 Nd6 25. Rac1 Nxc4 26. h3 Nxb2 27. Qxb2
Rd6 28. Ra1 g6 29. Rxd6 Qxd6 30. Qb3 Rd8 31. Qc4 Qf6 32. Qe4 Rd2 33. Ra8+ Kg7
34. Kh2 Rxf2 35. Rc8 Qg5 36. Re8 Re2 37. Qa8 Qxe3 38. Rg8+ Kh6 39. Qf8+ Kh5 40.
Qxf7 Qf4+ 41. Qxf4 exf4 42. Rf8 Rb2 43. Rxf4 Rxb5 44. Rf7 h6 45. Rc7 Kg5 46. Rc6
h5 47. h4+ Kf5 48. Kg3 g5 49. hxg5 Kxg5 50. Kh3 Rb3+ 51. Kh2 h4 52. Rc8 Rb4 53.
Kh3 Kf5 54. Re8 Kf6 55. Re3 c4 56. Re8 b5 57. Rc8 Ke5 58. Re8+ Kd4 59. Rd8+ Ke3 0-1

[Event "European Rapid 2022"]
[Site "Katowice POL"]
[Date "2022.12.18"]
[Round "10.44"]
[White "Kjartansson, Gudmundur"]
[Black "Chyzy, Jakub"]
[Result "0-1"]
[WhiteTitle "GM"]
[BlackTitle "FM"]
[WhiteElo "2453"]
[BlackElo "2247"]
[WhiteFideId "2301318"]
[BlackFideId "21806209"]
[EventDate "2022.12.17"]

1. c4 e6 2. Nc3 d5 3. d4 Nf6 4. cxd5 exd5 5. Bg5 Be7 6. e3 Nbd7 7. Bd3 O-O 8.
Nge2 Re8 9. O-O Nf8 10. Qc2 Be6 11. Kh1 a6 12. Rad1 Rc8 13. Qb3 c5 14. Qxb7 c4
15. Bc2 Qa5 16. Bxf6 Rc7 17. Qxc7 Qxc7 18. Bxe7 Qxe7 19. e4 dxe4 20. Bxe4 Rb8
21. d5 Bd7 22. Rd2 f5 23. Bf3 Kh8 24. Nd4 Qg5 25. Rfd1 Ng6 26. Nc6 Re8 27. g3
Re1+ 28. Rxe1 Qxd2 29. Re2 Qc1+ 30. Kg2 f4 31. Nb8 fxg3 32. hxg3 Qg5 33. Nxd7
Nf4+ 34. Kf1 Nxe2 35. Bxe2 Qc1+ 36. Nd1 Qh6 37. Bg4 Qh1+ 38. Ke2 Qxd5 39. Ne3
Qd3+ 40. Kf3 Qd6 41. Ke4 Qb4 42. a3 Qb7+ 43. Kd4 Qxb2+ 44. Kxc4 Qxf2 45. Kd4
Qxg3 46. Nc5 g6 47. Ne4 Qg1 48. a4 a5 49. Kd3 Qb1+ 50. Nc2 Qb3+ 51. Nc3 h5 52.
Nd4 Qb6 53. Be6 Kg7 54. Ne4 Qb1+ 55. Ke3 Qc1+ 56. Ke2 h4 57. Nf3 Qc2+ 58. Ke3
Qxa4 59. Nxh4 Qa3+ 60. Kf4 Qe7 61. Ng5 a4 62. Nhf3 a3 63. Bc4 Qc7+ 64. Ne5 Qxc4+
65. Nxc4 a2 66. Nd6 a1=Q 67. Nde4 Qb2 68. Ne6+ Kf7 69. N6g5+ Kg7 70. Ne6+ Kh6
71. N6g5 Qc1+ 72. Kg4 Qg1+ 73. Kh4 Qh1+ 74. Kg4 Qh5+ 75. Kg3 Qxg5+ 76. Nxg5 Kxg5
77. Kf3 Kh4 78. Kf4 g5+ 79. Kf3 Kh3 80. Kf2 g4 81. Kf1 Kh2 82. Kf2 g3+ 0-1

[Event "European Rapid 2022"]
[Site "Katowice POL"]
[Date "2022.12.18"]
[Round "10.45"]
[White "Bazilius, Augustinas"]
[Black "Morgunov, Marc"]
[Result "0-1"]
[BlackTitle "FM"]
[WhiteElo "2118"]
[BlackElo "2402"]
[WhiteFideId "12832251"]
[BlackFideId "1640305"]
[EventDate "2022.12.17"]

1. d4 Nf6 2. c4 b6 3. Nf3 Bb7 4. g3 g6 5. Bg2 Bg7 6. O-O O-O 7. Nc3 e6 8. Bg5 h6
9. Bxf6 Bxf6 10. e4 d6 11. Re1 Bg7 12. Qd2 Nd7 13. Rad1 Qe7 14. Qc2 a6 15. a3 c5
16. d5 e5 17. Bh3 Nf6 18. Qb3 Rfb8 19. Bf1 Bc8 20. Nd2 Nh7 21. Qc2 f5 22. f4
fxe4 23. Ndxe4 Bg4 24. Be2 Bf5 25. Bd3 exf4 26. Nxc5 Qg5 27. Bxf5 bxc5 28. Be6+
Kh8 29. Ne4 Qe7 30. Nc3 fxg3 31. Qxg6 Rxb2 32. Bf5 Bd4+ 33. Kf1 Rf2+ 34. Kg1
Rxh2+ 0-1

[Event "European Rapid 2022"]
[Site "Katowice POL"]
[Date "2022.12.18"]
[Round "10.46"]
[White "Oleksiyenko, Mykhaylo"]
[Black "Solys, Laimutis"]
[Result "1-0"]
[WhiteTitle "GM"]
[BlackTitle "FM"]
[WhiteElo "2594"]
[BlackElo "2289"]
[WhiteFideId "4152417"]
[BlackFideId "12800368"]
[EventDate "2022.12.17"]

1. e4 d6 2. d4 Nf6 3. Nc3 e5 4. dxe5 dxe5 5. Qxd8+ Kxd8 6. Bc4 Ke8 7. f4 Bd6 8.
Nf3 Nc6 9. Bb5 Nd7 10. g3 a6 11. Bxc6 bxc6 12. Be3 Rb8 13. O-O-O a5 14. fxe5
Nxe5 15. Nxe5 Bxe5 16. Bd4 f6 17. Bxe5 fxe5 18. Rhf1 Ke7 19. a3 Be6 20. Na4 Rb5
21. Rf2 Rhb8 22. Rd3 c5 23. Nc3 Rxb2 24. Nd5+ Bxd5 25. Rxd5 Rb1+ 26. Kd2 Rd8 27.
Rxd8 Kxd8 28. Rf7 Rg1 29. Rxg7 Rg2+ 30. Kd3 Rxh2 31. c3 h5 32. Rg5 Kd7 33. Rxe5
Rh3 34. Kc4 Rxg3 35. Rxh5 Re3 36. Rd5+ Ke6 37. Rxc5 Rxe4+ 38. Kb5 Kd6 39. Rc4
Re5+ 40. Ka6 c6 41. a4 Rh5 42. Kb6 c5 43. Kb5 Rh1 44. Rxc5 Rb1+ 45. Kc4 Rh1 46.
Rxa5 1-0

[Event "European Rapid 2022"]
[Site "Katowice POL"]
[Date "2022.12.18"]
[Round "10.47"]
[White "Vogel, Roven"]
[Black "Wisniewski, Michal"]
[Result "1-0"]
[WhiteTitle "IM"]
[BlackTitle "FM"]
[WhiteElo "2463"]
[BlackElo "2168"]
[WhiteFideId "12908088"]
[BlackFideId "1159682"]
[EventDate "2022.12.17"]

1. d4 Nf6 2. c4 c5 3. Nf3 cxd4 4. Nxd4 e5 5. Nb5 d5 6. cxd5 Bc5 7. N5c3 O-O 8.
e3 e4 9. Be2 Qe7 10. a3 a5 11. Nd2 Rd8 12. Qc2 Bf5 13. g4 Bg6 14. h4 h6 15. g5
hxg5 16. hxg5 Nxd5 17. Ncxe4 Bxe3 18. fxe3 Nxe3 19. Qc3 Ng2+ 20. Kf2 Nf4 21. Rh4
Nxe2 22. Qh3 f5 23. Rh8+ Kf7 24. Qb3+ Qe6 25. Qxe6+ Kxe6 26. Rxd8 Ke7 27. Rc8
Nd4 28. Nc3 1-0

[Event "European Rapid 2022"]
[Site "Katowice POL"]
[Date "2022.12.18"]
[Round "10.48"]
[White "Schneider, Ilja"]
[Black "Kovalevsky, Stanislav"]
[Result "1-0"]
[WhiteTitle "IM"]
[BlackTitle "FM"]
[WhiteElo "2483"]
[BlackElo "2237"]
[WhiteFideId "4663306"]
[BlackFideId "13508598"]
[EventDate "2022.12.17"]

1. e4 e6 2. Nf3 d5 3. Nc3 dxe4 4. Nxe4 Nf6 5. Nxf6+ gxf6 6. b3 Rg8 7. Bb2 Bd7 8.
g3 Bc6 9. Bg2 Nd7 10. Qe2 Bd6 11. O-O-O Qe7 12. Kb1 O-O-O 13. Rhe1 Ba3 14. Ba1
Kb8 15. Bh3 Qc5 16. Nd4 Bd5 17. c4 e5 18. Nb5 Be6 19. d4 exd4 20. Bxd4 Qb4 21.
Bxa7+ Kc8 22. Bxe6 fxe6 23. Qxe6 c6 24. Rxd7 Rxd7 25. Qxg8+ Rd8 26. Re8 b6 27.
Rxd8+ Kb7 28. Rb8+ Ka6 29. Qc8+ 1-0

[Event "European Rapid 2022"]
[Site "Katowice POL"]
[Date "2022.12.18"]
[Round "10.49"]
[White "Shilov, Sergej"]
[Black "Hjartarson, Johann"]
[Result "0-1"]
[WhiteTitle "FM"]
[BlackTitle "GM"]
[WhiteElo "2047"]
[BlackElo "2476"]
[WhiteFideId "14101505"]
[BlackFideId "2300044"]
[EventDate "2022.12.17"]

1. e4 g6 2. d4 Bg7 3. Nc3 d6 4. Nf3 a6 5. a4 Nf6 6. h3 O-O 7. Be3 b6 8. Bd3 Bb7
9. O-O Nc6 10. Qd2 e5 11. dxe5 Nxe5 12. Nxe5 dxe5 13. Bh6 Nh5 14. Bc4 Bxh6 15.
Qxh6 Nf4 16. g3 Qg5 17. Qxg5 Nxh3+ 18. Kg2 Nxg5 19. Bd5 c6 20. Bb3 Rad8 21. Rad1
Bc8 22. Rh1 Bg4 23. Rxd8 Bf3+ 24. Kf1 Rxd8 25. Rh4 b5 26. axb5 axb5 27. Ke1 h5
28. Rh2 Nxe4 0-1

[Event "European Rapid 2022"]
[Site "Katowice POL"]
[Date "2022.12.18"]
[Round "10.50"]
[White "Kirk, Ezra"]
[Black "Piotrowski, Przemyslaw"]
[Result "1-0"]
[WhiteTitle "IM"]
[BlackTitle "FM"]
[WhiteElo "2432"]
[BlackElo "2247"]
[WhiteFideId "600067"]
[BlackFideId "1127063"]
[EventDate "2022.12.17"]

1. f4 g6 2. Nf3 Bg7 3. g3 d6 4. Bg2 e5 5. fxe5 dxe5 6. d3 h6 7. O-O Be6 8. e4
Nf6 9. Kh1 Nc6 10. Nc3 Qd7 11. Be3 O-O 12. Qd2 Kh7 13. Rae1 Rae8 14. Nd1 b6 15.
Bg1 Bh3 16. Bxh3 Qxh3 17. Ne3 Nd4 18. Qg2 Qe6 19. b3 c6 20. h3 Nh5 21. Bh2 Nxf3
22. Rxf3 Nf6 23. Ref1 Nd7 24. g4 Bf6 25. Qf2 Kg7 26. h4 Be7 27. Qg3 Bc5 28. Bg1
Bxe3 29. Bxe3 Rh8 30. Kg2 h5 31. g5 Re7 32. Rf6 Qg4 33. Qxg4 hxg4 34. Kg3 c5 35.
Kxg4 Nf8 36. Bf2 Ne6 37. Bg3 Nd8 38. a4 Rhe8 39. h5 gxh5+ 40. Kxh5 Re6 41. Rxe6
Rxe6 42. Rf6 Nc6 43. Rxe6 fxe6 44. g6 a6 45. Kg5 b5 46. axb5 axb5 47. Bh2 Kg8
48. Kf6 Nd4 49. Bxe5 Nxc2 50. Kxe6 Nb4 51. d4 cxd4 52. Bxd4 Nc2 53. Bf6 b4 54.
Kd6 Kf8 55. e5 Nd4 56. e6 Nxb3 57. g7+ Kg8 58. e7 1-0

[Event "European Rapid 2022"]
[Site "Katowice POL"]
[Date "2022.12.18"]
[Round "10.51"]
[White "Ulasevich, Sergei"]
[Black "Gaehwiler, Gabriel"]
[Result "0-1"]
[WhiteTitle "CM"]
[BlackTitle "IM"]
[WhiteElo "2236"]
[BlackElo "2408"]
[WhiteFideId "13505629"]
[BlackFideId "1314530"]
[EventDate "2022.12.17"]

1. e4 c5 2. Nf3 d6 3. Bb5+ Bd7 4. Bxd7+ Qxd7 5. c4 Nc6 6. d4 cxd4 7. Nxd4 g6 8.
Be3 Bg7 9. Nc3 Nf6 10. f3 O-O 11. O-O Rac8 12. b3 a6 13. Qd3 e6 14. Rad1 Qe7 15.
Nxc6 Rxc6 16. Bg5 Qc7 17. Ne2 Nd7 18. f4 b5 19. cxb5 axb5 20. Qxb5 Rc2 21. f5
Rb8 22. Qd3 Ne5 23. Qe3 Ng4 24. Qg3 exf5 25. exf5 Qc5+ 26. Kh1 Rxe2 27. Qxg4
Rxa2 28. Rc1 Rc2 29. fxg6 hxg6 30. Rxc2 Qxc2 31. b4 Be5 32. Rc1 Qa4 33. Rc8+
Rxc8 34. Qxc8+ Kg7 35. Qc1 Qxb4 36. Bh6+ Kh7 37. Bd2 Qh4 38. Qg1 Qh5 39. Be3 Qe2
40. Bc1 d5 41. h3 d4 42. g4 d3 43. Qg2 Qxg2+ 44. Kxg2 Bc3 0-1

[Event "European Rapid 2022"]
[Site "Katowice POL"]
[Date "2022.12.18"]
[Round "10.52"]
[White "Ondozi, Murtez"]
[Black "Lapaj, Mateusz"]
[Result "1-0"]
[WhiteTitle "FM"]
[WhiteElo "2406"]
[BlackElo "2223"]
[WhiteFideId "937576"]
[BlackFideId "1170805"]
[EventDate "2022.12.17"]

1. d4 Nf6 2. c4 g6 3. Nc3 Bg7 4. e4 d6 5. f3 O-O 6. Be3 e5 7. Nge2 c6 8. dxe5
dxe5 9. Qxd8 Rxd8 10. Nc1 Be6 11. Nb3 b6 12. Be2 Nbd7 13. O-O Bf8 14. Rfd1 Bb4
15. Rac1 Nf8 16. a3 Be7 17. Kf2 Rxd1 18. Rxd1 Rd8 19. Rxd8 Bxd8 20. Nc1 N8d7 21.
b4 Kf8 22. Nb3 Ne8 23. b5 cxb5 24. Nxb5 a6 25. Nc3 b5 26. Nc5 bxc4 27. Nxe6+
fxe6 28. Bxc4 Nc7 29. Na4 Be7 30. Nb6 Ke8 31. Nxd7 Kxd7 32. a4 Kc6 33. Kg3 Bc5
34. Bg5 a5 35. Bd8 Kd7 36. Bf6 Bd4 37. Kg4 Kd6 38. Bd8 Be3 39. h4 Bd2 40. h5 Be3
41. hxg6 hxg6 42. Bg5 Bb6 43. Bd2 Ke7 44. Kg5 Kf7 45. Bc3 Be3+ 46. Kg4 Ne8 47.
Bxa5 Nf6+ 48. Kh3 g5 49. Bc7 g4+ 50. Kg3 gxf3 51. gxf3 Bd4 52. Bb5 Ke7 53. Kh4
Nd7 54. Bxd7 Kxd7 55. Bb8 Kc6 56. Kg5 Kb7 57. Bd6 Kc6 58. Bb4 1-0